Statistics for Oceanian Geography By Letter F - Picture Quiz

Click here to take the quiz!

General Stats

  • This quiz has been taken 148 times
  • The average score is 3 of 9

Answer Stats

Answer% Correct
Fiji
99%
French Polynesia
45%
Arrival of Burke & Wills at {Flinders} River
40%
{Fin} Whale
32%
Funafuti
28%
{Frazer} Island
7%
{Fitzroy} Falls
6%
{Furneaux} Group
5%
{Francois Peron} National Park
3%

Score Distribution

Percentile by Number Answered

Percent of People with Each Score

Your Score History

You have not taken this quiz